00940nam a2200253 a 4500001001000000003000900010005001700019007001000036008003300046020001800079040002200097082002900119100002600148245017900174260005700353300002600410500006900436650003400505650003900539650002500578650003100603700002500634700002700659000038526DO-SdBNP20230510115747.0000038526130412s2012 dr ac 000 0 spa d a9789945453232 aBPMSUbspacBPMSU 4aRD861.44bC965L 20122221 aCuevas, Juliaod1955-10aLiteratura infantil para la imaginación y el pensamiento crítico :b(métodos y técnicas para su uso) /cJulio Cuevas ; editor Rafael Paulino ; prólogo Juan Byrón. aSanto Domingo :bEditorial Somos Literatura, c2012. a92 p. :bil.,c21 cm. aIncluye datos biográfico del autor en la solapa de la cubierta 4aPoesía infantil dominicana  4aPoesía xEstudio y enseñanza.  4apensamiento creativo 4a Animación a la lectura 1 aPaulino, Rafaeleed.1 aByrón, Juanepról.